Ante el tiempo: historia del arte y anacronismo de las imágenes

Đã lưu trong:
Chi tiết về thư mục
Tác giả chính: Didi-Huberman, Georges (Tác giả)
Định dạng: Sách
Ngôn ngữ:Tiếng Tây Ban Nha
Được phát hành: Buenos Aires Adriana Hidalgo 2006
Phiên bản:1a. ed
Loạt:Filosofía e Historia
Những chủ đề:
Các nhãn: Thêm thẻ
Không có thẻ, Là người đầu tiên thẻ bản ghi này!

MARC

LEADER 00000cam a2200000 a 4500
001 UCJ0851
003 CL-VaPUC
008 060908e20060000AG |||||||||||||||||spa|d
020 |a 9871156324 
082 0 4 |a 194  |b DID  |2 21 
100 |a Didi-Huberman, Georges  |e author  |9 598908 
245 1 0 |a Ante el tiempo: historia del arte y anacronismo de las imágenes 
250 |a 1a. ed 
300 |a 379 p 
942 |c BK 
945 |d 20060908 00:00:00  |a jtorresc 
260 |a Buenos Aires  |b Adriana Hidalgo  |c 2006 
500 |a www.adrianahidalgo.com 
650 0 |a Filosofía francesa   |9 255698 
583 |a last modification  |c 20160805 10:33:27  |k Rodrigo Vera 
490 0 |a Filosofía e Historia 
999 |c 317604  |d 317602 
952 |0 0  |1 0  |4 0  |6 194_000000000000000_DID_2006  |7 0  |8 A  |9 394181  |a BIBHIS  |b BIBHIS  |d 2019-11-22  |i 4262263  |l 1  |o 194 DID 2006  |p 4262263  |r 2025-01-20  |s 2023-06-12  |w 2019-11-22  |y BK  |k HIS 
952 |0 0  |1 0  |3 erb  |4 0  |6 194_000000000000000_DID_2006  |7 0  |8 A  |9 394182  |a BIBEDU  |b BIBEDU  |i 5336929  |o 194 DID 2006  |p 5336929  |r 2019-11-22  |w 2019-11-22  |y BK  |z Catalogado en:20160811  |k FIL